000 00539nam a2200193Ia 4500
003 OSt
005 20260224105337.0
008 250729s2005 xx 000 0 und d
040 _cAL
041 _akan
082 _a370.15 OBAA
100 _aಓಬಲೇಶಘಟ್ಟಿ ಆರ್
_9229670
245 _aಆಧುನಿಕ ಶಿಕ್ಷಣದಲ್ಲಿ ಮನೋವಿಜ್ನಾನ
260 _aಗದಗ
_c2005
300 _a272p
650 _aPsychology
_9229671
700 _aRao Digumurthi
_9229672
942 _2ddc
_cBED
999 _c238409
_d238409